| 000 | 01249nam a2200325Ia 4500 | ||
|---|---|---|---|
| 005 | 20220317001450.0 | ||
| 007 | ta | ||
| 008 | 210824s2013 sp a br 000 j spa d | ||
| 020 | _a9788496646940 | ||
| 040 |
_aCO-BoRNBP _bspa _cCO-BoRNBP _erda |
||
| 041 | 1 |
_aspa _hita |
|
| 084 | _aC DEG3 | ||
| 100 | 1 |
_aDegl'innocenti, Fulvia _d1966- _eautora |
|
| 245 | 1 | 3 |
_aEl secreto de Tom Ossobuco _cescrito por Fulvia Degl´Innocenti ; ilustrado por Roberto Lauciello ; traducción de Juan Antonio Pérez Millán |
| 264 | 1 |
_aSanta Marta de Tormes _bLóguez Ediciones _c2013 |
|
| 300 |
_a[32] páginas _bilustraciones _c23 cm. |
||
| 336 |
_atexto _btxt _2rdacontent |
||
| 337 |
_asin mediación _bn _2rdamedia |
||
| 338 |
_avolumen _bnc _2rdacarrier |
||
| 521 | _aRecomendado para un público infantil mayor de 6 años | ||
| 534 | _tIl segreto di Tom Ossobuco | ||
| 650 | 1 | 7 |
_aCuentos infantiles italianos _ySiglo XX _2LEMB |
| 650 | 1 | 7 |
_aLiteratura infantil italiana _ySiglo XX _2LEMB |
| 650 | 1 | 7 |
_aAutores italianos _ySiglo XX _2LEMB |
| 650 | 1 | 7 |
_aSupersticiones _vCuentos _2LEMB |
| 650 | 1 | 7 |
_aCocineros _vCuentos _2LEMB |
| 700 | 1 |
_aLauciello, Roberto _eilustrador _9184164 |
|
| 700 | 1 |
_aPérez Millán, Juan Antonio _etraductor _9184165 |
|
| 942 |
_2loc _cBKLIT |
||
| 999 |
_c7062 _d7062 |
||